South Eastern Kenya University

Library Online Public Access Catalogue


An introduction to numerical analysis for electrical and computer engineers / (Record no. 627)

MARC details
000 -LEADER
fixed length control field 00648cam a22001814a 4500
020 ## - ISBN
International Standard Book Number 0471467375
050 00 - LIBRARY OF CONGRESS CALL NUMBER
Classification Number TK153
Item Number .Z37 2004
100 1# - MAIN ENTRY--Author
Personal name Zarowski, Christopher J.
245 13 - TITLE
Title An introduction to numerical analysis for electrical and computer engineers /
Statement of responsibility, etc Christopher J. Zarowski.
260 ## - PUBLICATION, DISTRIBUTION, ETC.(IMPRINT)
Place of publication, distribution, etc Hoboken, NJ :
Name of publisher, distributor, etc Wiley,
Date of publication, distribution, etc c2004.
300 ## - PHYSICAL DESCRIPTION
Extent xvi, 586 p. :
650 #0 - SUBJECT--TOPIC
General subdivision Mathematics.
650 #0 - SUBJECT--TOPIC
General subdivision Mathematics.
856 42 - URL/ELECTRONIC LOCATION AND ACCESS
Uniform Resource Identifier <a href="http://www.loc.gov/catdir/bios/wiley046/2003063761.html">http://www.loc.gov/catdir/bios/wiley046/2003063761.html</a>
856 42 - URL/ELECTRONIC LOCATION AND ACCESS
Uniform Resource Identifier <a href="http://www.loc.gov/catdir/description/wiley041/2003063761.html">http://www.loc.gov/catdir/description/wiley041/2003063761.html</a>
856 41 - URL/ELECTRONIC LOCATION AND ACCESS
Uniform Resource Identifier <a href="http://www.loc.gov/catdir/toc/wiley041/2003063761.html">http://www.loc.gov/catdir/toc/wiley041/2003063761.html</a>
942 ## - ADDED ENTRY ELEMENTS(KOHA)
Koha item type General circulation
Holdings
Source of classification or shelving scheme Not for loan Location (home branch) Sublocation (holding branch) Date accessioned Cost, normal purchase price Full call number Barcode Cost, replacement price Koha item type Public note
Library of Congress Classification   Main Campus Library Main Campus Library 11/08/2014 14748.28 TK 153 .Z37 2019/024984 15248.28 General circulation KIM
Library of Congress Classification   Main Campus Library Main Campus Library 11/08/2014 14748.28 TK 153 .Z37 2019/024985 15248.28 General circulation KIM
Library of Congress Classification   Main Campus Library Main Campus Library 11/08/2014 14748.28 TK 153 .Z37 2019/024987 15248.28 General circulation KIM
Library of Congress Classification   Main Campus Library Main Campus Library 11/08/2014 14748.28 TK 153 .Z37 2019/024988 15248.28 General circulation KIM
Library of Congress Classification   Main Campus Library Main Campus Library 11/08/2014 14748.28 TK 153 .Z37 2019/024986 15248.28 General circulation KIM
Kitui, Kenya.
+254736116989
library@seku.ac.ke